| 000 | 01752nam a22004457a 4500 | ||
|---|---|---|---|
| 005 | 20160105125147.0 | ||
| 006 | a|||||r|||||00| 0 | ||
| 007 | ta | ||
| 008 | 770825c19759999ii qr p| 00| 0 eng | ||
| 022 | 0 |
_a0972-4109 _220 |
|
| 035 | _a(OCoLC)ocm03217890 | ||
| 037 | _bDept. of Anthropology, Calcutta Univ., 35 Ballygunge Circular Rd., 700019 | ||
| 040 |
_aDLC _cDLC _dOCoLC _dNST _dMH _dOCoLC _dMH _dOCoLC _dWaU |
||
| 042 | _apcc | ||
| 043 | _aa-ii--- | ||
| 050 | 0 | 0 |
_aGN301 _b.M36 |
| 082 | 4 | _a301.205 | |
| 210 | 0 | _aMan life | |
| 222 | 0 | _aMan and life | |
| 245 | 0 | 0 |
_aMan and life. _bA journal of the Institute of Social Research and Applied Anthropology |
| 260 |
_a[Calcutta, India, _bInstitute of Social Research and Applied Anthropology] |
||
| 300 |
_av. _c25 cm. |
||
| 310 | _aHalf yearly | ||
| 362 | 0 | _av. 1- Jan./Dec. 1975- | |
| 500 | _a"A journal of the Institute of Social Research and Applied Anthropology." | ||
| 590 | _aSERBIB/SERLOC merged record | ||
| 650 | 0 |
_aEthnology _vPeriodicals. _917155 |
|
| 650 | 0 |
_aApplied anthropology _vPeriodicals. _917156 |
|
| 650 | 0 |
_aEthnology _zIndia _vPeriodicals. _917157 |
|
| 710 | 2 |
_aInstitute of Social Research and Applied Anthropology (Calcutta, India) _917158 |
|
| 776 | 0 | 8 |
_iOnline version: _tMan and life _w(OCoLC)565171370 |
| 776 | 0 | 8 |
_iOnline version: _tMan and life _w(OCoLC)605027108 |
| 270 |
_aBIDISA, PO Fulgeria, _b Dist. Paschim Madinipur, W.B. _e721437 _mpradipb@hijli.iitkgp.ernet.in |
||
| 906 |
_a7 _bcbc _cserials _d4 _encip _f19 _gn-oclcserc |
||
| 936 |
_aJan, /Dec. 1975 _aJuly/Dec. 2008 |
||
| 942 |
_2ddc _cSR _h301.205 _mMAN _s1 |
||
| 999 |
_c43098 _d43098 |
||